000 04643nam a22003497a 4500
003 UA-OsUOA
001 67499
007 ta
008 20100225b un ||||| |||| 00| 0 ukr d
100 _aДемська-Будзуляк Л.
090 _a82.09(477)
_bД31
942 _cBK
040 _aUA-OsUOA
_bukr
_cUA-OsUOA
_dUA-OsUOA
245 _aДрама свободи в модернізмі: пророчі голоси драматургії Лесі Українки
_bМонографія
300 _a184 с.
955 _a1
041 _aukr
080 _a82.09(477)
020 _a978-966-8226-86-1
520 3 _aКожна епоха наснажується своїми великими ідеями, питома сутність яких живить людство на всіх етапах духовного розвитку. Серед них — ідея свободи. До неї зверталися і фундаментально її осмислювали філософи античності, середньовічні теологи, ідеологи фр
520 3 _aанцузької революції, великі вчені різних часів, у літературі — романтики, модерністи.Феномен свободи є одним із центральних у драматургійній спадщині Лесі Українки. Поєднавши у своїй творчості українську традицію і загальносвітовий культурний досвід
520 3 _a, вона запропонувала власну візію загальнолюдських цінностей, ідеалу свободи особистості, нації. Про це йдеться у монографічному дослідженні, яке зацікавить і буде корисним викладачам, студентам, вчителям-філологам, філологічно зорієнтованим учням сер
520 3 _aедніх навчальних закладів, усім, хто заглиблюється думкою у літературознавчу проблематику.ЗмістДРАМАТУРГІЯ ЛЕСІ УКРАЇНКИ У ДЗЕРКАЛІ ЕПОХИ1. БІЛЯ ДЖЕРЕЛ ЄВРОПЕЙСЬКОГО МОДЕРНІЗМУ1.1. Ранній модернізм та критика християнства1.2. Модерна крити
520 3 _aка Ф. Ніцше1.3. Шляхи літературного модернізму2. НОВА ЄВРОПЕЙСЬКА ДРАМА ЯК ФЕНОМЕН ЕПОХИ2.1. Історія виникнення нової європейської драми2.2. Драматургія Лесі Українки в контексті раннього модернізму2.3. Нові герої нового часу3. ІНДИВІДУАЛ
520 3 _aЬНА СВОБОДА — ЦІННІСТЬ З БАГАТЬМА ОБЛИЧЧЯМИ4. ПОМІЖ СВОБОДОЮ І РАБСТВОМ4.1. Трагічний простір митця4.2. «Дух Божий знайде сам мене в пустелі…»4.3. «В дому роботи — в країні неволі»5. ПОШУКИ ЕСТЕТИЧНОЇ СВОБОДИ5.1. «Блакитна троянда» для Кас
520 3 _aсандри5.2. Авторський ескіз спонтанної жінки й раціонального чоловіка5.3. Пристрасть серця чи пристрасть духу…5.4. Духовний полон як індивідуальна поразка5.5. Екзистенційні виміри любові6. ЕТИЧНА СВОБОДА ХРИСТИЯНСЬКОЇ МОРАЛІ6.1. Змарнован
520 3 _aа свобода розуму і серця6.2. Драма розчарування6.3. Світло, яке стає любов’ю6.4. Вільна жінка у тенетах патріархальної моралі6.5. Добровільна втрата ідентичності7. ЕТИЧНА СВОБОДА ДОБРОВІЛЬНОГО ВИБОРУ7.1. Свобода, яка поневолює7.2. Філосо
520 3 _aфія зради 7.3. «Камінна» свобода7.4. Оніміння Кассандри7.5. Драма відчуження7.6. Смерть як свободаЛІТЕРАТУРА
260 _aК.
_bАкадемвидав
_c2009
650 7 _a82 Література. Літературознавство
_2UDC
999 _c353684
_d353684